1242 1773 1698 1528 1772 1488 1627 1721 1766 1788 1266 1407 1743 1929 1827 1569 1952 1683 1115 1161 1624 1222 1752 1710 1197 1654 1494 1973 1697 1669 1502 1593 1578 1102 1486 1582 1913 1361 1747 1183 1569 1407 1898 1299 1281 1117 1205 1237 1986 1477 1604 1583 1863 1181 1015 1553 1200 1646 1341 1692 1914 1406 1519 1902 1983 1977 1436 1102 1504 1908 1648 1103 1422 1947 1695 1385 1447 1727 1434 1471 1006 1002 1007 1742 1389 1031 1110 1887 1884 1296 1470 1187 1473 1883 1543 1324 1801 1993 1432 BCNSPRNW ULIB Ver.6.0+V

เปลี่ยนเป็นภาษาไทย

Change to English
 แสดงรายละเอียดบรรณานุกรม
  กลับหน้าหลัก

Brief Record : Get Marc (ISO 2709) : E-mail record : QR code < ปิดหน้าต่าง
LEADER : 00000nam 2200000uu 4500
001    13399112294
003     ULIB
008    110627s2551||||th 000 0 tha d
020    9789741004942
090    นว.^bว153ก 2551
100 0  วชิราภา
245 00 กามเทพป่วนก๊วนสาวโสด/^cวชิราภา
250    พิมพ์ครั้งที่ 1
260    กรุงเทพฯ :^bมิตรสัมพันธ์กราฟฟิก,^c2551
300    391 หน้า
945    ^p245^l0^i023614
995    ทศพร
999 ^a ใช้งานได้ทุกระบบ
รายการนี้ยังไม่มีแท็ก
คุณยังไม่ได้ล็อกอิน คุณสามารถมีกิจกรรมร่วมกับเว็บไซต์ได้ แต่ต้องล็อกอินก่อน ::
  ล็อกอิน

รายการสื่อสารสนเทศ

ลำดับที่ ประเภท เลขเรียก/บาร์โค้ด สถานที่ สถานะ
- ไม่พบข้อมูล -

BibComment


ยังไม่เคยถูกคอมเมนท์

คอมเมนท์ทรัพยากรรายการนี้
  คอมเมนท์: กามเทพป่วนก๊วนสาว..


 Copyright 2026. Bcnsprnw @Library